LEADER 01540nam0 22002771i 450 001 UON00322648 005 20231205104146.980 100 $a20090402d1934 |0itac50 ba 101 $abul 102 $aBG 105 $a|||| 1|||| 200 1 $aItalijanski vlijanija varchu starata literatura na dalmatinskoto krajbrezie =Influenze italiane nell'antica letteratura del littorale dalmatico$fMirko Deanovic 210 $aSofija$cEdizione della "Rivista Italo-Bulgara"$d1934 215 $a20 p.$d23 cm. 410 1$1001UON00322619$12001 $aMalka Italianska Biblioteka$fpod redakcijata na Enriko Damiani$1210 $aIzdanie na Italo-Balgarska Spisanie za literatura, istorija, izkustvo.$v19 606 $aLetteratura italiana$xDiffusione$xSec. 14.$3UONC049648$2FI 620 $aBG$dSofija$3UONL003208 676 $a850$cLetteratura italiana$v21 700 1$aDEANOVIC$bMirko$3UONV055895$0219379 712 $aKnigoizdatelstvo T. F. Cipev$3UONV274878$4650 801 $aIT$bSOL$c20250808$gRICA 912 $aUON00322648 950 $aSIBA - SISTEMA BIBLIOTECARIO DI ATENEO$dSI BULGARO C 0211 $eSI MR 46143 5 0211 950 $aSIBA - SISTEMA BIBLIOTECARIO DI ATENEO$dSI BULGARO C 0210 $eSI MR 40233 5 0210 996 $aItalijanski vlijanija varchu starata literatura na dalmatinskoto krajbrezie =Influenze italiane nell'antica letteratura del littorale dalmatico$91371749 997 $aUNIOR